Behind the Intifada (Record no. 9689)

MARC details
000 -LEADER
fixed length control field 00694nam a2200253 a 4500
020 ## - INTERNATIONAL STANDARD BOOK NUMBER
ISBN 0691696
082 00 - DEWEY DECIMAL CLASSIFICATION NUMBER
Classification number 322.440956
Author Cutter HIL
100 ## - MAIN ENTRY--AUTHOR NAME
Author name Hiltermann, Joost R
245 ## - TITLE STATEMENT
Title Behind the Intifada
Sub title Labour and Women`s Movements in the Occupied Territori
260 ## - PUBLICATION, DISTRIBUTION, ETC. (IMPRINT)
Place of publication Princeton
Name of publisher Princeton University Press
Year of publication 1991
300 ## - PHYSICAL DESCRIPTION
Number of Pages 265p
500 ## - GENERAL NOTE
General note includes index and biblioraphy
505 2# - FORMATTED CONTENTS NOTE
Formatted contents note Notes
650 ## - SUBJECT ADDED ENTRY--TOPICAL TERM
Topical Term Women-Palestinian
650 ## - SUBJECT ADDED ENTRY--TOPICAL TERM
Topical Term Intifada 1987
942 ## - ADDED ENTRY ELEMENTS (KOHA)
Koha item type Books
700 1# -
-- Hiltermann, Joost R
Holdings
Collection code Home library Current library Date acquired Cost, normal purchase price Full call number Accession Number Koha item type
  Henry Martyn Institute Library Henry Martyn Institute Library 04/05/2007 612.50 322.440956 HIL 018939 Books
                   Copyright © 2026 | Henry Martyn Institute | Hyderabad | TS-500052 | INDIA | Implemented by hmi.edu.in
Hit-Count:

Powered by Koha